| 000 | 00673cam a2200229 4500 | ||
|---|---|---|---|
| 001 | M2161 | ||
| 008 | 090401t xxu||||| |||| 00| 0 eng d | ||
| 035 | _a(Sirsi) u36832 | ||
| 041 | _aeng | ||
| 050 | _a333.0094933 | ||
| 090 | _aRICS 1993/119A | ||
| 110 |
_aRoyal Institution of Chartered Surveyors _94900 |
||
| 245 | 4 | _aThe Royal Institution of Chartered Surveyors au coeur de l`Europe ... le bureau de Bruxelles. | |
| 260 |
_aLondon _bRICS _c1993? |
||
| 300 | _a1 folded sheet ; 21x10cm . | ||
| 350 | _a0 | ||
| 520 | _aText in French. | ||
| 650 | _aBRUSELLS | ||
| 690 | _aMANAGEMENT-BUSINESS MANAGEMENT-PROFESSIONAL PRACTICE | ||
| 942 | _n0 | ||
| 948 | _c04/03/1997 | ||
| 999 |
_c90389 _d90389 |
||